Opportunities for the Development of Human Capital in the Enterprise
Potenciál ľudského kapitálu v podmienkach SR. Investovanie do ľudského kapitálu. Personálne náklady ako prostriedok investovania do ľudského kapitálu.
Enregistré dans:
| Auteur principal: | |
|---|---|
| Autres auteurs: | |
| Format: | Chapitre de livre |
| Langue: | slovaque |
| Sujets: | |
| Tags: |
Pas de tags, Soyez le premier à ajouter un tag!
|
MARC
| LEADER | 00000naa$a2200000$$$4500 | ||
|---|---|---|---|
| 001 | 0250876 | ||
| 005 | 20240522140524.0 | ||
| 041 | 0 | |a slo | |
| 044 | |a CZ | ||
| 245 | 1 | 0 | |a Opportunities for the Development of Human Capital in the Enterprise |c Slávka Šagátová, Daniela Rybárová |
| 520 | |a Potenciál ľudského kapitálu v podmienkach SR. Investovanie do ľudského kapitálu. Personálne náklady ako prostriedok investovania do ľudského kapitálu. | ||
| 610 | 2 | 0 | |a investovanie |
| 610 | 2 | 0 | |a kapitál ľudský |
| 610 | 2 | 0 | |a riadenie ľudských zdrojov |
| 610 | 2 | 0 | |a podnik |
| 610 | 2 | 0 | |a cena práce |
| 610 | 2 | 0 | |a náklady |
| 100 | 1 | |a Šagátová, Slavka, 1975- | |
| 700 | 1 | |a Rybárová, Daniela, 1967- | |